Normal view MARC view
  • Pakistan Institute of Development Economics.

Entry Corporate Name

Number of records used in: 1

001 - CONTROL NUMBER

  • control field: 131660

003 - CONTROL NUMBER IDENTIFIER

  • control field: NUST

005 - DATE AND TIME OF LATEST TRANSACTION

  • control field: 20251030114615.0

008 - FIXED-LENGTH DATA ELEMENTS

  • fixed length control field: 251030|| aca||aabn | a|a d

040 ## - CATALOGING SOURCE

  • Original cataloging agency: NUST
  • Transcribing agency: NUST

110 ## - HEADING--CORPORATE NAME

  • Corporate name or jurisdiction name as entry element: Pakistan Institute of Development Economics.
  • Subordinate unit: Research for Social Transformation & Advancement

670 ## - SOURCE DATA FOUND

  • Source citation: Work cat.: (NUST)615270: Power sector : an enigma with no easy solution
© 2023 Central Library, National University of Sciences and Technology. All Rights Reserved.